Estudio sobre el valor, pronóstico de una prueba de aptitudes verbal y razonamiento aritmético para la selección de alumnos de la escuela secundaria / (Record no. 22877)

MARC details
000 -CABECERA
campo de control de longitud fija 00750nam a2200193 a 4500
005 - FECHA Y HORA DE LA ÚLTIMA TRANSACCIÓN
campo de control 20250529063816.0
008 - ELEMENTOS DE LONGITUD FIJA--INFORMACIÓN GENERAL
campo de control de longitud fija 991125s1971 mx 000 0 spa u
035 ## - NÚMERO DE CONTROL DEL SISTEMA
Número de control de sistema UPN01000022877
049 ## - COLECCIÓN
Colección CG
050 #4 - SIGNATURA TOPOGRÁFICA DE LA BIBLIOTECA DEL CONGRESO
Número de clasificación LB1131
Número de documento/Ítem L5.4
100 1# - ASIENTO PRINCIPAL--NOMBRE PERSONAL
Nombre de persona Lima Gutiérrez, Margarita
245 10 - MENCIÓN DE TÍTULO
Título Estudio sobre el valor, pronóstico de una prueba de aptitudes verbal y razonamiento aritmético para la selección de alumnos de la escuela secundaria /
Mención de responsabilidad, etc. Margarita Lima Gutiérrez.
260 ## - PUBLICACIÓN, DISTRIBUCIÓN, ETC.
Lugar de publicación, distribución, etc. México :
Nombre del editor, distribuidor, etc. M. Lima Gutiérrez,
Fecha de publicación, distribución, etc. 1971.
300 ## - DESCRIPCIÓN FÍSICA
Extensión 93 h.
502 ## - NOTA DE TESIS
Nota de tesis [Tesis] (Profr. en Psicología Educativa) -- Escuela Normal Superior, 1971
650 #4 - ASIENTO SECUNDARIO DE MATERIA - TERMINO TEMATICO
Término de materia o nombre geográfico como elemento de entrada Pruebas de aptitud
9 (RLIN) 1418
650 #4 - ASIENTO SECUNDARIO DE MATERIA - TERMINO TEMATICO
Término de materia o nombre geográfico como elemento de entrada Mediciones y pruebas educativas
Subdivisión geográfica México
9 (RLIN) 6442
905 ## - TIPO DE MATERIAL
Tipo de material Tesis
Holdings
Estado de retiro Estado de pérdida Fuente del sistema de clasificación o colocación Estado dañado No para préstamo Código de colección Localización permanente Ubicación/localización actual Ubicación en estantería Total de préstamos Clasificación Código de barras Fecha visto por última vez Número de copia Tipo de ítem Koha
    Library of Congress Classification   Coleccion Esp. Colección Especial Bib. Gregorio Torres Quintero Bib. Gregorio Torres Quintero Colección Especial   LB1131 L5.4 42291 31/12/2020 1 Libro